[Event "Glorney Gilbert International 2017 - Glorney"]
[Site "Daventry, England"]
[Date "2017.07.25"]
[Round "3.11"]
[White "Kieffer, Anatole"]
[Black "Shafi, Declan"]
[Result "0-1"]
[BlackElo "2013"]
[WhiteElo "2199"]
[LiveChessVersion "1.4.6"]

1. e4 {[%clk 1:18:09]} e5 {[%clk 1:30:45]} 2. Nf3 {[%clk 1:18:29]} Nc6
{[%clk 1:31:08]} 3. Bc4 {[%clk 1:18:39]} Bc5 {[%clk 1:31:29]} 4. c3
{[%clk 1:18:57]} Nf6 {[%clk 1:31:50]} 5. d3 {[%clk 1:19:05]} O-O {[%clk 1:32:00]}
6. Nbd2 {[%clk 1:18:53]} d6 {[%clk 1:31:55]} 7. O-O {[%clk 1:16:33]} a6
{[%clk 1:27:38]} 8. Bb3 {[%clk 1:16:54]} Ba7 {[%clk 1:27:23]} 9. h3
{[%clk 1:14:42]} Ne7 {[%clk 1:27:13]} 10. Re1 {[%clk 1:13:25]} Ng6
{[%clk 1:27:02]} 11. Nf1 {[%clk 1:12:23]} Be6 {[%clk 1:23:51]} 12. Bc2
{[%clk 1:12:23]} h6 {[%clk 1:22:37]} 13. Ng3 {[%clk 1:12:04]} Qd7
{[%clk 1:21:24]} 14. d4 {[%clk 1:03:35]} c6 {[%clk 1:18:34]} 15. Nf5
{[%clk 0:59:16]} d5 {[%clk 1:02:57]} 16. Nxe5 {[%clk 0:56:47]} Nxe5
{[%clk 1:02:44]} 17. dxe5 {[%clk 0:57:10]} Nxe4 {[%clk 1:02:05]} 18. Nd4
{[%clk 0:56:46]} Bf5 {[%clk 0:53:53]} 19. Be3 {[%clk 0:53:21]} Bh7
{[%clk 0:50:31]} 20. Nf3 {[%clk 0:41:22]} Bxe3 {[%clk 0:49:55]} 21. Rxe3
{[%clk 0:40:37]} Qe7 {[%clk 0:48:40]} 22. c4 {[%clk 0:34:10]} Rad8
{[%clk 0:46:08]} 23. cxd5 {[%clk 0:33:25]} Rxd5 {[%clk 0:44:13]} 24. Qe2
{[%clk 0:33:16]} Ng5 {[%clk 0:41:44]} 25. Nxg5 {[%clk 0:29:09]} Qxg5
{[%clk 0:40:58]} 26. Bb3 {[%clk 0:29:12]} Rd4 {[%clk 0:39:37]} 27. Rf1
{[%clk 0:26:54]} Kh8 {[%clk 0:33:06]} 28. Rd1 {[%clk 0:21:10]} c5
{[%clk 0:28:14]} 29. Rc1 {[%clk 0:18:51]} Bd3 {[%clk 0:23:28]} 30. Qe1
{[%clk 0:15:00]} c4 {[%clk 0:17:50]} 31. Bd1 {[%clk 0:13:48]} Rfd8
{[%clk 0:16:40]} 32. Bf3 {[%clk 0:13:39]} b5 {[%clk 0:15:18]} 33. Qa5
{[%clk 0:10:54]} Be4 {[%clk 0:12:52]} 34. Rce1 {[%clk 0:10:27]} Bxf3
{[%clk 0:11:31]} 35. Rxf3 {[%clk 0:10:51]} Rd1 {[%clk 0:10:53]} 36. Rxf7
{[%clk 0:10:10]} R8d2 {[%clk 0:07:28]} 37. Rxd1 {[%clk 0:08:55]} Rxd1+
{[%clk 0:07:52]} 38. Kh2 {[%clk 0:09:20]} Qxe5+ {[%clk 0:07:56]} 39. f4
{[%clk 0:09:30]} Qd4 {[%clk 0:06:58]} 40. Qc7 {[%clk 0:07:54]} Qg1+
{[%clk 0:06:01]} 41. Kg3 {[%clk 0:08:10]} Rd3+ {[%clk 0:05:47]} 42. Kh4
{[%clk 0:08:30]} Qf2+ {[%clk 0:05:36]} 43. Kg4 {[%clk 0:07:34]} Qxg2+
{[%clk 0:05:07]} 44. Kf5 {[%clk 0:07:54]} Rd5+ {[%clk 0:04:32]} 0-1

[Event "Glorney Gilbert International 2017 - Glorney"]
[Site "Daventry, England"]
[Date "2017.07.25"]
[Round "3.12"]
[White "Gray, Euan"]
[Black "Albaric, Etienne"]
[Result "0-1"]
[BlackElo "2089"]
[WhiteElo "1994"]
[LiveChessVersion "1.4.6"]

1. d4 d5 {[%clk 1:29:05]} 2. c4 {[%clk 1:31:23]} e6 {[%clk 1:29:25]} 3. Nc3
{[%clk 1:31:48]} Be7 {[%clk 1:29:52]} 4. Nf3 {[%clk 1:32:12]} Nf6
{[%clk 1:30:17]} 5. Bf4 {[%clk 1:32:36]} O-O {[%clk 1:29:54]} 6. e3
{[%clk 1:33:00]} c5 {[%clk 1:30:21]} 7. dxc5 {[%clk 1:30:26]} Bxc5
{[%clk 1:30:45]} 8. Qc2 {[%clk 1:26:22]} Nc6 {[%clk 1:29:53]} 9. a3
{[%clk 1:24:06]} Qa5 {[%clk 1:29:24]} 10. Rd1 {[%clk 1:08:14]} Be7
{[%clk 1:24:41]} 11. Bd3 {[%clk 1:05:01]} e5 {[%clk 1:13:38]} 12. cxd5
{[%clk 0:50:10]} exf4 {[%clk 1:13:34]} 13. dxc6 {[%clk 0:50:29]} fxe3
{[%clk 1:11:21]} 14. fxe3 {[%clk 0:46:18]} bxc6 {[%clk 1:10:01]} 15. O-O
{[%clk 0:38:44]} Qc5 {[%clk 1:00:11]} 16. Rde1 {[%clk 0:32:14]} a5
{[%clk 0:59:03]} 17. Nd4 {[%clk 0:30:18]} g6 {[%clk 0:52:34]} 18. Ne4
{[%clk 0:26:09]} Nxe4 {[%clk 0:46:49]} 19. Bxe4 {[%clk 0:26:29]} Qxc2
{[%clk 0:46:31]} 20. Nxc2 {[%clk 0:26:23]} Ra6 {[%clk 0:44:05]} 21. Nd4
{[%clk 0:20:57]} c5 {[%clk 0:41:03]} 22. Nc6 {[%clk 0:20:03]} Bg5
{[%clk 0:39:33]} 23. Bd5 Kg7 {[%clk 0:33:02]} 24. e4 {[%clk 0:14:17]} Rb6
{[%clk 0:22:52]} 25. b3 {[%clk 0:10:06]} Bb7 {[%clk 0:09:26]} 26. Nxa5
{[%clk 0:10:16]} Bxd5 {[%clk 0:09:06]} 27. exd5 {[%clk 0:10:44]} Rb5
{[%clk 0:07:19]} 28. b4 {[%clk 0:04:56]} cxb4 {[%clk 0:07:42]} 29. axb4
{[%clk 0:05:03]} Rxd5 {[%clk 0:06:38]} 30. Re4 {[%clk 0:03:12]} Rb5
{[%clk 0:05:35]} 31. Rb1 {[%clk 0:03:12]} Rc8 {[%clk 0:04:42]} 32. Nc4
{[%clk 0:02:47]} f5 {[%clk 0:04:13]} 33. Nd6 {[%clk 0:02:40]} fxe4
{[%clk 0:03:23]} 34. Nxb5 {[%clk 0:02:40]} Be3+ {[%clk 0:01:14]} 35. Kh1
{[%clk 0:01:17]} Rc6 {[%clk 0:01:36]} 36. g3 {[%clk 0:00:54]} Bd2
{[%clk 0:01:06]} 37. Nd4 {[%clk 0:00:50]} Rc4 {[%clk 0:01:34]} 38. Ne2
{[%clk 0:00:38]} Bxb4 {[%clk 0:01:37]} 39. Rd1 {[%clk 0:00:38]} Kf6
{[%clk 0:01:27]} 40. Rd4 {[%clk 0:00:39]} Rxd4 {[%clk 0:01:03]} 41. Nxd4
{[%clk 0:01:08]} Bc5 {[%clk 0:01:10]} 42. Nc2 {[%clk 0:01:07]} Ke5
{[%clk 0:00:41]} 43. Kg2 {[%clk 0:01:22]} Kd5 {[%clk 0:00:45]} 44. Kf1
{[%clk 0:01:37]} Ke5 {[%clk 0:00:43]} 45. Kg2 {[%clk 0:01:26]} Kf5
{[%clk 0:00:52]} 46. Ne1 {[%clk 0:01:14]} h5 {[%clk 0:00:47]} 47. Nc2
{[%clk 0:00:36]} g5 {[%clk 0:01:05]} 48. h3 {[%clk 0:00:34]} g4 {[%clk 0:01:15]}
49. h4 {[%clk 0:00:50]} Ke5 {[%clk 0:00:49]} 50. Kf1 {[%clk 0:01:09]} Kd5
{[%clk 0:00:46]} 51. Ke2 {[%clk 0:01:34]} Ke5 {[%clk 0:01:01]} 52. Kf1
{[%clk 0:01:53]} e3 {[%clk 0:00:37]} 53. Ke2 {[%clk 0:02:13]} Ke4
{[%clk 0:01:06]} 54. Ne1 {[%clk 0:02:32]} Bd6 {[%clk 0:00:54]} 55. Ng2
{[%clk 0:02:39]} Bxg3 {[%clk 0:01:22]} 56. Nxe3 {[%clk 0:02:56]} Bxh4
{[%clk 0:01:49]} 57. Nc4 {[%clk 0:02:09]} Bg5 {[%clk 0:01:17]} 58. Nd6+
{[%clk 0:01:21]} Kf4 {[%clk 0:01:46]} 59. Kf2 {[%clk 0:01:01]} Bf6
{[%clk 0:01:06]} 60. Nc4 {[%clk 0:00:53]} h4 {[%clk 0:00:53]} 61. Nd2
{[%clk 0:00:53]} h3 {[%clk 0:00:49]} 62. Kg1 {[%clk 0:00:33]} g3 {[%clk 0:00:49]}
63. Nf1 {[%clk 0:00:41]} Bd4+ {[%clk 0:00:56]} 64. Kh1 {[%clk 0:00:55]} g2+
{[%clk 0:01:20]} 65. Kh2 {[%clk 0:01:22]} g1=Q+ {[%clk 0:01:17]} 0-1

[Event "Glorney Gilbert International 2017 - Glorney"]
[Site "Daventry, England"]
[Date "2017.07.25"]
[Round "3.13"]
[White "Guerlach, Keigo"]
[Black "Berera, Siddharth"]
[Result "1-0"]
[BlackElo "1712"]
[WhiteElo "2032"]
[LiveChessVersion "1.4.6"]

1. e4 {[%clk 1:30:56]} c5 {[%clk 1:30:58]} 2. Nf3 {[%clk 1:31:21]} d6
{[%clk 1:31:13]} 3. Bb5+ {[%clk 1:31:06]} Bd7 {[%clk 1:31:29]} 4. Bxd7+
{[%clk 1:31:31]} Qxd7 {[%clk 1:31:57]} 5. O-O {[%clk 1:31:51]} Nc6
{[%clk 1:32:00]} 6. c3 {[%clk 1:32:18]} Nf6 {[%clk 1:32:23]} 7. d4
{[%clk 1:30:29]} Nxe4 {[%clk 1:32:44]} 8. d5 {[%clk 1:30:54]} Ne5
{[%clk 1:33:04]} 9. Re1 {[%clk 1:31:04]} Nf6 {[%clk 1:33:32]} 10. Nxe5
{[%clk 1:21:56]} dxe5 {[%clk 1:34:01]} 11. Rxe5 {[%clk 1:19:32]} O-O-O
{[%clk 1:34:29]} 12. c4 {[%clk 1:15:55]} e6 {[%clk 1:34:57]} 13. Nc3
{[%clk 1:12:28]} Bd6 {[%clk 1:35:26]} 14. Re1 {[%clk 1:10:39]} Rhe8
{[%clk 1:11:50]} 15. Bg5 {[%clk 0:55:48]} h6 {[%clk 1:08:15]} 16. Bxf6
{[%clk 0:50:02]} gxf6 {[%clk 1:08:43]} 17. Qf3 {[%clk 0:50:07]} Be5
{[%clk 0:51:37]} 18. Rad1 {[%clk 0:37:59]} Bd4 {[%clk 0:42:59]} 19. Nb5
{[%clk 0:22:41]} exd5 {[%clk 0:29:57]} 20. Rxe8 {[%clk 0:20:32]} Rxe8
{[%clk 0:27:54]} 21. Nxd4 {[%clk 0:20:23]} cxd4 {[%clk 0:28:10]} 22. cxd5
{[%clk 0:09:45]} Qe7 {[%clk 0:19:02]} 23. g3 {[%clk 0:07:16]} Qe5
{[%clk 0:18:09]} 24. Qg4+ {[%clk 0:06:54]} f5 {[%clk 0:18:37]} 25. Qxd4
{[%clk 0:05:50]} Qxd4 {[%clk 0:19:06]} 26. Rxd4 {[%clk 0:06:15]} Re2
{[%clk 0:18:25]} 27. Rc4+ {[%clk 0:04:25]} Kd7 {[%clk 0:17:17]} 28. Rf4
{[%clk 0:03:47]} Re5 {[%clk 0:15:39]} 29. Rh4 {[%clk 0:01:43]} Rxd5
{[%clk 0:15:49]} 30. Rxh6 {[%clk 0:02:11]} Ke7 {[%clk 0:12:20]} 31. Rh8
{[%clk 0:02:13]} Rd2 {[%clk 0:11:53]} 32. h4 {[%clk 0:01:31]} f4 {[%clk 0:07:31]}
33. h5 {[%clk 0:00:58]} fxg3 {[%clk 0:07:50]} 34. fxg3 {[%clk 0:01:22]} Kf6
{[%clk 0:05:12]} 35. Rg8 {[%clk 0:01:37]} Rd1+ {[%clk 0:05:26]} 36. Kg2
{[%clk 0:01:21]} Rd2+ {[%clk 0:05:50]} 37. Kf3 {[%clk 0:01:44]} Rxb2
{[%clk 0:05:51]} 38. g4 {[%clk 0:00:57]} Rh2 {[%clk 0:06:14]} 39. Kf4
{[%clk 0:00:45]} b5 {[%clk 0:04:11]} 40. g5+ {[%clk 0:00:45]} Ke6
{[%clk 0:04:40]} 41. h6 {[%clk 0:00:50]} b4 {[%clk 0:04:10]} 42. Re8+
{[%clk 0:00:47]} Kd5 {[%clk 0:02:09]} 43. Ra8 {[%clk 0:00:45]} Kc4
{[%clk 0:00:52]} 44. Rxa7 {[%clk 0:00:58]} Kc3 {[%clk 0:01:02]} 45. Kf5
{[%clk 0:00:44]} Rf2+ {[%clk 0:01:23]} 46. Ke5 {[%clk 0:01:09]} Kb2
{[%clk 0:00:41]} 47. Ra8 {[%clk 0:01:17]} Rh2 {[%clk 0:00:38]} 48. Kf6
{[%clk 0:00:56]} Rh5 {[%clk 0:00:50]} 49. Ra5 {[%clk 0:00:47]} 1-0

[Event "Glorney Gilbert International 2017 - Glorney"]
[Site "Daventry, England"]
[Date "2017.07.25"]
[Round "3.14"]
[White "D'costa, Leston"]
[Black "Afraoui, Anaelle"]
[Result "0-1"]
[BlackElo "2017"]
[WhiteElo "1689"]
[LiveChessVersion "1.4.6"]

1. d4 Nf6 2. Bg5 d5 3. Bxf6 exf6 4. e3 g6 5. g3 Bg7 6. Bg2 f5 7. Ne2 O-O 8. O-O
c6 9. Nd2 Nd7 10. b3 Qe7 11. c4 dxc4 12. Nxc4 Nf6 13. Rc1 Ne4 14. Nc3 Rd8 15. Qc2
Nxc3 16. Qxc3 Be6 17. Rfd1 c5 18. Rd3 Rac8 19. Qd2 cxd4 20. exd4 b5 21. Na5 Rxc1+
22. Qxc1 Rc8 23. Rc3 Rxc3 24. Qxc3 Qd6 25. Nc6 a6 26. Qe3 Bf6 27. Qd3 f4
{[%clk 0:40:52]} 28. d5 {[%clk 0:29:30]} Bd7 29. Qc2 Kg7 30. b4 fxg3 31. hxg3 h5
32. Qc5 Qxc5 33. bxc5 Bxc6 34. dxc6 Bd8 35. Bf1 Kf6 36. a4 bxa4 37. Bxa6 Ke5 38.
Bc4 f6 39. Kf1 Kd4 40. Bf7 a3 41. Ke2 Kc3 42. Ke3 Kb2 43. Kd4 g5 44. c7 Bxc7 45.
c6 h4 46. gxh4 gxh4 47. Ke4 h3 48. Kf3 h2 49. Kg2 a2 50. Bxa2 Kxa2 51. Kh1 Kb3
52. Kg2 Kc4 53. Kh1 Kc5 54. Kg2 Kxc6 55. Kh1 Kd5 56. f4 Bxf4 57. Kg2 h1=Q+ 58.
Kxh1 Ke4 59. Kg1 Kf3 60. Kf1 f5 0-1

[Event "Glorney Gilbert International 2017 - Glorney"]
[Site "Daventry, England"]
[Date "2017.07.25"]
[Round "3.15"]
[White "Chemla, Oscar"]
[Black "Bond, Alexander"]
[Result "1-0"]
[BlackElo "1831"]
[WhiteElo "1984"]
[LiveChessVersion "1.4.6"]

1. c4 {[%clk 1:30:06]} Nf6 {[%clk 1:30:53]} 2. Nc3 {[%clk 1:30:26]} c6
{[%clk 1:30:54]} 3. e4 {[%clk 1:29:55]} e5 {[%clk 1:22:02]} 4. Nf3
{[%clk 1:26:31]} Qc7 {[%clk 1:20:59]} 5. d4 {[%clk 1:22:39]} exd4
{[%clk 1:18:29]} 6. Qxd4 {[%clk 1:21:43]} d6 {[%clk 0:56:33]} 7. Bf4
{[%clk 1:08:56]} c5 {[%clk 0:54:35]} 8. Qd2 {[%clk 1:06:59]} Bd7 {[%clk 0:51:23]}
9. Rd1 {[%clk 0:56:28]} Bc6 {[%clk 0:48:57]} 10. Bd3 {[%clk 0:51:39]} Be7
{[%clk 0:48:04]} 11. Bb1 {[%clk 0:50:01]} O-O {[%clk 0:46:52]} 12. Bxd6
{[%clk 0:46:15]} Bxd6 {[%clk 0:47:05]} 13. Qxd6 {[%clk 0:46:37]} Qxd6
{[%clk 0:46:25]} 14. Rxd6 {[%clk 0:47:04]} Re8 {[%clk 0:45:59]} 15. O-O
{[%clk 0:45:10]} Nbd7 {[%clk 0:44:04]} 16. Nd2 {[%clk 0:39:40]} Nf8
{[%clk 0:39:40]} 17. f4 {[%clk 0:35:46]} Rad8 {[%clk 0:38:06]} 18. Rxd8
{[%clk 0:36:56]} Rxd8 {[%clk 0:39:31]} 19. Nb3 {[%clk 0:35:37]} b6
{[%clk 0:38:46]} 20. h3 {[%clk 0:31:34]} Ne6 {[%clk 0:36:19]} 21. g4
{[%clk 0:30:23]} Nd4 {[%clk 0:34:30]} 22. Nd5 {[%clk 0:21:07]} Re8
{[%clk 0:29:02]} 23. Nxf6+ {[%clk 0:20:12]} gxf6 {[%clk 0:29:25]} 24. Nxd4
{[%clk 0:20:22]} cxd4 {[%clk 0:29:29]} 25. Re1 {[%clk 0:20:25]} Rd8
{[%clk 0:26:53]} 26. Bd3 {[%clk 0:20:12]} h6 {[%clk 0:25:31]} 27. Kf2
{[%clk 0:20:28]} Kf8 {[%clk 0:24:54]} 28. Rc1 {[%clk 0:17:58]} Ke7
{[%clk 0:24:36]} 29. c5 {[%clk 0:18:10]} b5 {[%clk 0:24:45]} 30. b4
{[%clk 0:18:24]} Ke6 {[%clk 0:23:20]} 31. Re1 {[%clk 0:17:00]} a6
{[%clk 0:22:44]} 32. e5 {[%clk 0:15:20]} Bd5 {[%clk 0:22:34]} 33. a3
{[%clk 0:15:01]} Bc4 {[%clk 0:22:03]} 34. Bf5+ {[%clk 0:13:01]} Ke7
{[%clk 0:22:15]} 35. exf6+ {[%clk 0:12:09]} Kxf6 {[%clk 0:22:27]} 36. Rd1
{[%clk 0:11:38]} Bb3 {[%clk 0:20:54]} 37. Rd2 {[%clk 0:11:38]} Be6
{[%clk 0:18:56]} 38. Be4 {[%clk 0:10:58]} Bc8 {[%clk 0:15:09]} 39. Bc6
{[%clk 0:09:58]} Bd7 {[%clk 0:12:19]} 40. Rxd4 {[%clk 0:07:43]} Ke7
{[%clk 0:12:30]} 41. Rxd7+ {[%clk 0:07:46]} 1-0